01642nam a2200349Ia 4500001001200000003000800012006001900020007001500039008004100054010001700095020002800112040002100140035002000161050002400181082002400205110009000229245029100319246004200610260005600652300001500708504005100723533015200774650004900926650005300975655002901028700002601057700001701083700003201100710001701132856012601149999001701275ebr10068346CaPaEBRm u cr cn|||||||||000229s2000 dcu sb 001 0 eng d z 00025528  z0309056462 (hard cover) aCaPaEBRcCaPaEBR a(OCoLC)7077357514aRA638b.I556 2000eb04a615/.372/0720732212 aInstitute of Medicine (U.S.).bCommittee to Study Priorities for Vaccine Development.10aVaccines for the 21st centuryh[electronic resource] :ba tool for decisionmaking /cKathleen R. Stratton, Jane S. Durch, and Robert S. Lawrence, editors ; Committee to Study Priorities for Vaccine Development, Division of Health Promotion and Disease Prevention, Institute of Medicine.3 aVaccines for the twenty first century aWashington, D.C. :bNational Academy Press,cc2000. axi, 460 p. aIncludes bibliographical references and index. aElectronic reproduction.bPalo Alto, Calif. :cebrary,d2009.nAvailable via World Wide Web.nAccess may be limited to ebrary affiliated libraries. 0aVaccinesxResearchzUnited StatesxPlanning. 0aImmunizationxResearchzUnited StatesxPlanning. 7aElectronic books.2local1 aStratton, Kathleen R.1 aDurch, Jane.1 aLawrence, Robert S.,d1938-2 aebrary, Inc.40uhttp://site.ebrary.com/lib/rucke/Doc?id=10068346zAn electronic book accessible through the World Wide Web; click to view c28257d28257